Theory of population genetics and evolutionary ecology (Record no. 34533)

MARC details
000 -LEADER
fixed length control field 00368nam a2200133Ia 4500
082 ## - DEWEY DECIMAL CLASSIFICATION NUMBER
Classification number 575.17
Item number ROU
100 ## - MAIN ENTRY--AUTHOR NAME
Personal name ROUGHGARDEN, Jonathan
245 #0 - TITLE STATEMENT
Title Theory of population genetics and evolutionary ecology
260 ## - PUBLICATION, DISTRIBUTION, ETC. (IMPRINT)
Place of publication New York
Name of publisher Macmillan
Year of publication 1979
650 ## - SUBJECT ADDED ENTRY--TOPICAL TERM
Topical Term Evolution
650 ## - SUBJECT ADDED ENTRY--TOPICAL TERM
Topical Term Population genetics
942 ## - ADDED ENTRY ELEMENTS (KOHA)
Koha item type Books
Holdings
Withdrawn status Lost status Damaged status Not for loan Home library Current library Date acquired Full call number Accession Number Koha item type
        RRII Library RRII Library 16/12/2021 575.17 ROU 14964 Books